TB. OF HUMAN ANATOMY HEAD, NECK & FACE (Record no. 25285)

MARC details
000 -LEADER
fixed length control field 00375nam a22001577a 4500
003 - CONTROL NUMBER IDENTIFIER
control field SGT
082 ## - DEWEY DECIMAL CLASSIFICATION NUMBER
Classification number 611
Item number T23S
100 ## - MAIN ENTRY--PERSONAL NAME
Personal name SONTAKKE, YOGESH
245 ## - TITLE STATEMENT
Title TB. OF HUMAN ANATOMY HEAD, NECK & FACE
250 ## - EDITION STATEMENT
Edition statement 1ST
260 ## - PUBLICATION, DISTRIBUTION, ETC. (IMPRINT)
Place of publication, distribution, etc INDIA
Name of publisher, distributor, etc CBS PUB
Year of Publication 2023
300 ## - PAGE DESCRIPTION
No. of Pages 422
650 ## - SUBJECT ADDED ENTRY--TOPICAL TERM
Topical term or geographic name as entry element HUMAN ANATOMY
653 ## - KEYWORDS--INDEX TERM
Keyword term HUMAN ANATOMY HEAD, NECK & FACE
942 ## - ADDED ENTRY ELEMENTS (KOHA)
Source of classification or shelving scheme Dewey Decimal Classification
Koha item type Books
942 ## - ADDED ENTRY ELEMENTS (KOHA)
-- 15
Holdings
Withdrawn status Lost status Source of classification or shelving scheme Damaged status Not for loan Collection code Home library Current library Shelving location Date acquired Vendor Name Cost, normal purchase price Volume Information (Serial or Books or Non-Book Material) SGTU Bill Number Total Checkouts Full call number Accession No. (Barcode) Date last seen Date last borrowed Bill Date Koha item type
    Dewey Decimal Classification     MEDICAL SGT Medical Library SGT Medical Library Text Book 25/11/2023 ABC DELHI 1495.00 VOL-V SGTU 17259 5 611 T23S FM14009 24/03/2026 24/03/2026 18/08/2023 Books
    Dewey Decimal Classification     MEDICAL SGT Medical Library SGT Medical Library Text Book 25/11/2023 ABC DELHI 1495.00 VOL-V SGTU 17259 17 611 T23S FM14010 29/05/2026 19/05/2026 18/08/2023 Books